New York Yankees World Series Titles - Statistics

General Stats
  • This quiz has been taken 21 times
  • The average score is 24 of 27
Answer Stats
Opponent Year % Correct
New York Giants 1923
94%
Pittsburgh Pirates 1927
94%
St. Louis Cardinals 1928
94%
Chicago Cubs 1932
94%
New York Giants 1936
94%
New York Giants 1937
94%
Chicago Cubs 1938
94%
Cincinnati Reds 1939
94%
Atlanta Braves 1996
94%
San Diego Padres 1998
94%
Atlanta Braves 1999
94%
New York Mets 2000
94%
Philadelphia Phillies 2009
94%
Brooklyn Dodgers 1941
88%
St. Louis Cardinals 1943
88%
Brooklyn Dodgers 1947
88%
Brooklyn Dodgers 1949
88%
Philadelphia Phillies 1950
88%
New York Giants 1951
88%
Brooklyn Dodgers 1952
88%
Brooklyn Dodgers 1953
88%
Brooklyn Dodgers 1956
88%
Milwaukee Braves 1958
88%
Cincinnati Reds 1961
88%
Los Angeles Dodgers 1977
88%
Los Angeles Dodgers 1978
88%
San Francisco Giants 1962
81%
No matching quizzes found
Score Distribution
Percent of People with Each Score
Percentile by Number Answered
Your Score History
You have not taken this quiz